|
|
|
|
| LEADER |
00000nam0a2200000 4500 |
| 001 |
379231 |
| 005 |
20231201095253.0 |
| 010 |
|
|
|a 978-5-699-67281-3
|
| 035 |
|
|
|a (RuTPU)RU\TPU\retro\36694
|
| 035 |
|
|
|a RU\TPU\book\132655
|
| 090 |
|
|
|a 379231
|
| 100 |
|
|
|a 20230809g2013 m||y0rusy5003 ca
|
| 101 |
0 |
|
|a rus
|
| 102 |
|
|
|a RU
|
| 105 |
|
|
|a c z 000ay
|
| 181 |
|
0 |
|a i
|b e
|
| 182 |
|
0 |
|a n
|
| 183 |
|
0 |
|a nc
|2 RDAcarrier
|
| 200 |
1 |
|
|a Живые и мертвые
|e роман
|e в 3 кн.
|h Кн. 3
|i Последнее лето
|f К. М. Симонов
|
| 203 |
|
|
|a Текст
|b визуальный
|c непосредственный
|
| 210 |
|
|
|a Москва
|c Эксмо
|d 2013
|
| 215 |
|
|
|a 639 с.
|c портр.
|
| 225 |
1 |
|
|a Русская классика
|
| 283 |
|
|
|a volume
|2 RDAcarrier
|
| 330 |
|
|
|a Константин Симонов (1915 — 1979) — известный русский писатель, всю войну прослуживший военным корреспондентом, поэт, обессмертивший себя пронзительным стихотворением "Жди меня, и я вернусь...", романом "Живые и мертвые", который впоследствии был продолжен еще двумя романами "Солдатами не рождаются" и "Последнее лето", разросшись в трилогию и став эпическим художественным повествованием о пути советского народа к победе в Великой Отечественной войне. Автор стремился соединить два плана — достоверную "летопись" основных событий войны, увиденных глазами главных героев Серпилина, Синцова, и анализ этих событий с точки зрения их современных автору понимания и оценки. Роман "Последнее лето" завершает трилогию "Живые и мертвые"; в нем писатель ведет своих героев победными дорогами последнего лета Великой Отечественной войны. В романе описаны события Белорусской наступательной операции, одной из крупнейших военных операций "Багратион", в ходе которой погибает Серпилин... Освобождение Белоруссии завершается, и армию переводят на Литовский фронт.
|
| 606 |
1 |
|
|a Русская литература современная
|9 50316
|
| 610 |
1 |
|
|a Советская литература
|
| 610 |
1 |
|
|a романы
|
| 610 |
1 |
|
|a трилогии
|
| 610 |
1 |
|
|a Великая Отечественная война 1941-1945
|
| 675 |
|
|
|a Р2
|z rus
|v 4
|
| 700 |
|
1 |
|a Симонов
|b К. М.
|c русский писатель
|c общественный деятель
|f 1915-1979
|g Константин Михайлович
|3 (RuTPU)RU\TPU\pers\12026
|9 3115
|4 070
|
| 801 |
|
0 |
|a RU
|b 63413507
|c 19950417
|g psbo
|
| 801 |
|
1 |
|a RU
|b 63413507
|c 20071004
|g PSBO
|
| 801 |
|
2 |
|a RU
|b 63413507
|c 20230809
|g PSBO
|
| 942 |
|
|
|c BK
|